LEADER 01429nam a2200325 a 4500 001 000000127950 003 CaOOAMICUS 005 20120313094242.0 008 120313s2011 it b u000 u ita r 020 $a978-88-16-41128-9 040 $aPUL$bita 082 04$a281.947 100 1 $aCodevilla, Giovanni.$0(OLS)http://pul/name/769 245 10$aChiesa e impero in Russia :$bdalla Rus' di Kiev alla federazione russa /$cGiovanni Codevilla ; prefazione di Sante Graciotti. 260 $aMilano :$bJaca Book,$cİ2011. 300 $aXXXV, 683 p. :$bc. geogr. ;$c24 cm 490 1 $aDi fronte e attraverso.$aStoria ;$v1028 500 $aInclude indice. 504 $aBibliografia in nota. 650 4$aChiesa e stato$zRussia.$0(OLS)http://pul/subject/38538 700 1 $aGraciotti, Sante,$d1923-$0(OLS)http://pul/name/2655 830 0$aDi fronte e attraverso.$pStoria ;$v1028.$0(OLS)http://pul/title/67175 850 $aPUL 852 $aPUL$W1$xSL Religione 3$y85$m281. 947 CODGI 1$j148105$qDDC 21$B146697$CPULBib$Z2$F146697 $H118817 $82 941 1 $a9 996 $6020$a978-88-16-41128-9$9(OLS)http://pul/number/149135 996 $6082$a281.947$9(OLS)http://pul/classification/1780 996 $6245$aChiesa e impero in Russia :$bdalla Rus' di Kiev alla federazione russa$9(OLS)http://pul/title/161695 996 $6260$aMilano :$bJaca Book$9(OLS)http://pul/publisher/47900 LEADER 01339nam a2200337 u 4500 001 000000059555 003 CaOOAMICUS 005 20070226120820.0 008 010703s1996 it u000 u ita u 020 $a8818701517 035 $a10895048 040 $aPUL(R)$bita 041 1 $aita$agre 100 0 $aPlato,$d427-347 a.C.$0(OLS)http://pul/name/250 245 10$aCritone /$cPlatone ; saggio introduttivo, traduzione note e apparati di Giovanni Reale ; appendice bibliografica di Giuseppe Girgenti. 260 $aMilano :$bRusconi,$c1996. 300 $a210 p. ;$c21 cm 490 1 $aTesti a fronte ;$v41 500 $aTesto greco a fronte. 504 $aBibliografia: [197]-210. 700 1 $aGirgenti, Giuseppe.$0(OLS)http://pul/name/14005 700 1 $aReale, Giovanni,$d1931-2014.$0(OLS)http://pul/name/667 830 0$aTesti a fronte ;$v41.$0(OLS)http://pul/title/7181 850 $aPUL 852 $aPUL$W1$xSL Filosofia 2$y80$mPhil A2 41$j77651$nBK-PRI$b $qStampati altre collocazioni$B77651$CPULBib$Z2$F77651 $H $81 900 $aPlatone,$d427-347 a.C.$9250 941 1 $a10 961 $aINV: 78008 996 $6020$a8818701517$9(OLS)http://pul/number/76011 996 $6245$aCritone$9(OLS)http://pul/title/69852 996 $6260$aMilano :$bRusconi$9(OLS)http://pul/publisher/47863